000 00736nam a2200181 i 4500
001 73304
003 ES-MaACL
005 20230906171743.0
007 t|
008 040928s1966 sp ||||1| spa d
100 0 _aGómez-Tabanera, José Manuel,
_d1926-2011
_958165
245 1 3 _a"La plática del villano del Danubio" de Fray Antonio de Guevara, o las fuentes hispanas de la concepción europea del "Mito del buen salvaje" /
_cpor José Manuel Gómez-Tabanera.
260 _aMadrid :
_bInstituto Balmes de Sociología,
_c1966.
300 _a22 p. ;
_c24 cm.
500 _aEs tirada aparte de la Revista Internacional de Sociología, julio-diciembre 1966, nº 95-96.
852 _aES-MaACL
_j2072-F-6
_bR.73351
999 _c73304
_d73304